More Musical Acts by Lineup - Statistics

General Stats
  • This quiz has been taken 352 times
    323 since last reset
  • The average score is 7 of 13
Answer Stats
Hint Answer % Correct
Agnetha Fältskog, Björn Ulvaeus, Benny Andersson, Anni-Frid Lyngstad ABBA
88%
Michael, Jermaine, Tito, Jackie, Marlon The Jackson 5
87%
Beyoncé, Kelly Rowland, Michelle Williams, LeToya Luckett, LaTavia Roberson, Farrah Franklin Destiny's Child
85%
Thom Yorke, Jonny Greenwood, Phil Selway, Colin Greenwood, Ed O'Brien Radiohead
76%
John Frusciante, Michael Peter Balzary, Anthony Kiedis, Josh Klinghoffer, Red Hot Chili Peppers
71%
Michael "Mike D" Diamond, Adam "Ad-Rock" Horovitz, Adam "MCA" Yauch Beastie Boys
68%
Nick Carter, Brian Littrell, AJ McLean, Kevin Richardson, Howie Dorough Backstreet Boys
55%
Iggy Pop, Ron Asheton, Mike Watt, James Williamson, Scott Asheton, The Stooges
55%
Chuck D, Flavor Flav, Professor Griff, Terminator X, Dj Lord, Gary G-Wiz, Sister Souljah Public Enemy
47%
Jack White, Brendan Benson, Jack Lawrence, Patrick Keeler The Raconteurs
28%
Cindy Wilson, Kate Pierson, Fred Schneider, Keith Strickland, Ricky Wilson The B-52's
25%
Nina Persson, Peter Svensson, Magnus Sveningsson, Bengt Lagerberg, Lars-Olof Johansson The Cardigans
16%
Kevin Drew, Brendan Canning, Justin Peroff, Andrew Whiteman, Charles Spearin, Jason Collett, Emily Haines, Leslie Feist, Evan Cranley, Amy Millan, and many more... Broken Social Scene
6%
No matching quizzes found
Score Distribution
Percent of People with Each Score
Percentile by Number Answered
Your Score History
You have not taken this quiz since the last reset